John Slattery Filmography - Statistics

General Stats
  • This quiz has been taken 8 times
    4 since last reset
  • The average score is 5 of 112
Answer Stats
Type Year Name % Correct
TV Show 2007-2015 Mad Men
100%
Film 2015 Ant-Man
50%
Film 2010 Iron Man 2
50%
TV Show 2008 Saturday Night Live
50%
TV Show 2011 The Simpsons
50%
Film 2019 Avengers: Endgame
25%
Film 2016 Captain America: Civil War
25%
Film 2007 Charlie Wilson's War
25%
TV Show 2007 Desperate Housewives
25%
Film 2003 Mona Lisa Smile
25%
Film 2025 Nuremberg
25%
TV Show 2000 Sex and the City
25%
Film 2015 Spotlight
25%
TV Show 2016 Veep
25%
TV Show 2010 30 Rock
0%
TV Film 2002 A Death in the Family
0%
TV Show 2013 Arrested Development
0%
TV Mini-Series 1995 A Woman of Independent Means
0%
Film 2002 Bad Company
0%
TV Show 1998 Becker
0%
TV Film 1991 Before the Storm
0%
Theater 2000-2001 Betrayal
0%
Film 2013 Bluebird
0%
TV Film 2000 Catch a Falling Star
0%
TV Show 1991 China Beach
0%
Film 2017 Churchill
0%
Film 1996 City Hall
0%
Film 2022 Confess, Fletch
0%
Film 2004 Dirty Dancing: Havana Nights
0%
Video Game 2012 Dishonored
0%
TV Show 2015 Documentary Now!
0%
TV Show 2001-2002 Ed
0%
Film 1996 Eraser
0%
TV Show 1989 Father Dowling Mysteries
0%
TV Show 1997 Feds
0%
Film 2006 Flags of Our Fathers
0%
TV Mini-Series 1998 From the Earth to the Moon
0%
Commercial 2019 General Electric
0%
Web Series 2021 Girls5eva
0%
Director 2014 God's Pocket
0%
Web Series 2025 Harley Quinn
0%
Film 1998 Harvest
0%
TV Show 1991-1993 Homefront
0%
Commercial 2014 Honeywell
0%
Film 2012 In Our Nature
0%
TV Show 2004-2005 Jack & Bobby
0%
TV Show 1999, 2000 Judging Amy
0%
TV Pilot 2018 Kansas City
0%
TV Show 2003 K Street
0%
Theater 1993-1994 Laughter on the 23rd Floor
0%
TV Show 1998, 2000 Law & Order
0%
TV Film 1996 Lily Dale
0%
Commercial 2012 Lincoln
0%
Theater 2000 Long Day's Journey into Night
0%
Director 2016, 2017 Love
0%
Theater 2023 Love Letters
0%
TV Show 1998-1999 Maggie
0%
Director 2023 Maggie Moore(s)
0%
Film 2012 Mea Maxima Culpa: Silence in the House of God
0%
Theater 1990 Mi Vida Loca
0%
Documentary Series 2017 MLB Network Presents
0%
Web Series 2019 Modern Love
0%
Web Mini-Series 2020 Mrs. America
0%
Film 1997 My Brother's War
0%
TV Special 2023 National Memorial Day Concert
0%
TV Show 1995 Ned and Stacey
0%
TV Show 2020 Next
0%
Theater 1995 Night and Her Stars
0%
Film 2004 Noise
0%
TV Show 1998 Party of Five
0%
Documentary 2015 Power's War
0%
Theater 2006 Rabbit Hole
0%
Film 1997 Red Meat
0%
Film 2007 Reservation Road
0%
Film 2011 Return
0%
Film 2001 Sam the Man
0%
Web Series 2021 Santa Inc.
0%
Film 1996 Sleepers
0%
TV Show 1989 Tattinger's
0%
Film 2015 Ted 2
0%
Film 2011 The Adjustment Bureau
0%
Theater 2005 Theater of the New Ear
0%
Podcast 2025 The Big Fix: A Jack Bergin Mystery
0%
Podcast 2022 The Big Lie
0%
TV Film 2004 The Brooke Ellison Story
0%
TV Show 2011-2012 The Cleveland Show
0%
TV Show 1988 The Dirty Dozen
0%
Theater 1992 The Extra Man
0%
Theater 2016-2017 The Front Page
0%
Web Series 2022 The Good Fight
0%
Theater 1989-1990 The Lisbon Traviata
0%
Film 1999 The Naked Man
0%
Short Film 2011 The National - Conversation 16
0%
TV Show 2025 The Rainmaker
0%
Documentary Mini-Series 2017 The Real Mad Men of Advertising
0%
Short Film 2000 The Ride Home
0%
Web Series 2018 The Romanoffs
0%
Film 2006 The Situation
0%
Film 2003 The Station Agent
0%
TV Show 1990 The Young Riders
0%
Theater 1997-1998 Three Days of Rain
0%
Film 2000 Traffic
0%
TV Show 1991 Under Cover
0%
TV Film 1992 Under Cover
0%
Film 2007 Underdog
0%
Film 2024 Unfrosted
0%
TV Show TBA Vladimir
0%
Web Mini-Series 2015 Wet Hot American Summer: First Day of Camp
0%
Web Series 2023 What If...?
0%
TV Show 2023 What We Do in the Shadows
0%
Film 1998 Where's Marlowe?
0%
TV Show 1999 Will & Grace
0%
No matching quizzes found
Score Distribution
Percent of People with Each Score
Percentile by Number Answered
Your Score History
You have not taken this quiz since the last reset